[Event "RUS-The World"]
[Site "Moscow"]
[Date "2002.09.09"]
[Round "5"]
[White "Svidler, Peter"]
[Black "Anand, Viswanathan"]
[Result "1-0"]
[WhiteElo "2690"]
[BlackElo "2755"]
[Annotator "Lukacs,P"]
[PlyCount "65"]
[EventDate "2002.09.08"]
[EventType "schev (rapid)"]
[EventRounds "10"]
[EventCountry "RUS"]
[SourceTitle "CBM 091"]
[Source "ChessBase"]
[SourceDate "2002.11.12"]
[SourceVersion "1"]
[SourceVersionDate "2002.11.12"]
[SourceQuality "1"]
[WhiteTeam "Russia"]
[BlackTeam "The World"]
[WhiteTeamCountry "RUS"]

1. e4 {Ftacnik} c6 2. d4 d5 3. e5 Bf5 4. Nf3 e6 5. Be2 {This is Short's quiet
system, which can also lead sometimes to wild complications.} c5 6. Be3 cxd4 7.
Nxd4 Ne7 8. c4 Nbc6 9. Qa4 a6 10. cxd5 (10. O-O dxc4 11. Rd1 Qa5 12. Qxa5 Nxa5
13. Nxf5 Nxf5 14. Bb6 Nc6 15. f4 Rc8 16. Bxc4 Ncd4 {White cannot keep his
strong ^^.} 17. Nd2 Rc6 18. Bxd4 Nxd4 19. Bd3 Bc5 $11 {Kosteniuk-Chiburdanidze,
FIDE World Cup-C (Women) 2000}) (10. Nc3 dxc4 11. Rd1 (11. O-O-O $5 Bd3 $1 {
This is the typical defensive method here. Other tries are less impressive.} (
11... b5 $4 12. Nxc6 Qc7 13. Nxb5 $18) (11... Qa5 12. Qxa5 Nxa5 13. Nxf5 Nxf5
14. Bb6 Bb4 (14... Nc6 15. f4 $44) 15. Bf3 $44 {with a very active ^^.}) 12.
Bxd3 cxd3 13. Rxd3 Qa5 (13... b5 $2 {founders on} 14. Ndxb5 Qxd3 15. Rd1 $18)
14. Nxc6 Nxc6 $11 {and Black has time to finish his development because of the
hanging e5 P.}) 11... Bd3 (11... Qa5 12. Qxa5 (12. Qxc4 Rd8 13. O-O Nxd4 14.
Rxd4 Rxd4 15. Bxd4 Nc6 16. Bf3 Nxd4 17. Qxd4 Bc5 18. Qa4+ $11 {Mitkov-Garant,
EU-chT 1997}) 12... Nxa5 13. Nxf5 Nxf5 14. Bb6 Bb4 (14... Nc6 15. f4 {
(Soln-Sitnik, SLO-chT Ljubljana 1997} g5 $5 16. g3 (16. g4 Nh4) 16... gxf4 17.
gxf4 Bh6 $132) 15. Bf3 $44) 12. Bxd3 cxd3 13. Rxd3 b5 (13... Qa5) 14. Ndxb5 $5
{Ni Hua-Wu Shaobin, Zhong Hong Real Estate Cup 2001 CBM 85} (14. Qb3 {
Svidler-Leko, Tilburg Fontys 1998 EXT 99})) (10. Na3 Qa5+ 11. Qxa5 Nxa5 12. O-O
dxc4 13. Nxc4 Nxc4 14. Bxc4 Be4 15. Rac1 Bd5 $11 {Svidler-Anand, Tilburg
Fontys 1998}) 10... Qxd5 $6 (10... b5 $5 11. Nxc6 (11. Qd1 Nxd4 12. Bxd4 Nxd5
13. Nc3 (13. O-O Nb4 (13... Nf4 $5 14. Nc3 Rc8) 14. Nc3 {- 13.Nc3}) 13... Nb4
14. Rc1 (14. O-O Nc2 $5 15. Nxb5 $1 Be7 $1 $15) 14... Nc2+ 15. Rxc2 Bxc2 16.
Qxc2 Qxd4 $17 {Trygstad-Solozkhenkin, Classics GM Gausdal NOR 2001}) (11. Nxf5
Nxf5 $15) 11... Nxc6 12. Qf4 (12. Qd1 Nb4 13. Na3 Nxd5) 12... Nb4 $1 (12...
Qxd5 13. Bf3 Qd7 (13... Bb4+ 14. Nc3 $16) 14. O-O $14) 13. O-O Nxd5 (13... Nc2
14. Nc3 Nxa1 15. Rxa1 $44) 14. Qf3 Rc8 (14... Be7 15. Nc3 $14) 15. Rd1 Bb4 $13)
(10... Nxd5 {- Bologan-Bareev, RUS-chT 9th Ekaterinburg 2002}) 11. Nc3 (11. Nd2
Qa5 (11... Qxe5 12. Nc4 Qb8 13. Nb6 Ra7 14. O-O-O Qc7 (14... Bg6 15. Bf3 $16)
15. Bf3 $1 $16) 12. Qxa5 Nxa5 13. O-O Nd5 14. Nxf5 exf5 15. Bd4 Bb4 16. Rfd1
O-O 17. Nc4 Nc6 18. a3 Be7 19. b4 Rfd8 20. Bb2 $14 {Sikula-Mihalko,
Nyiregyhaza 1999}) 11... Qa5 $6 {This is the clear sign of something went
wrong. Ftacnik: 'Anand has chosen very cautious solution, since accepting the
pawn sacrifice was probably too risky for his taste.'} (11... Qxe5 $5 {looks
risky, but this was the main idea!} 12. Bf3 Rc8 13. O-O) 12. Nxf5 $14 Nxf5 (
12... exf5 13. Qxa5 Nxa5 14. O-O $14 {with an active ^^ and a lead of
development for White.}) 13. Qxa5 Nxa5 14. Bb6 Nc6 (14... Bb4 15. Rd1 Ne7 16.
O-O Nac6 17. Na4 $14) 15. f4 {Now White can keep his strong ^^ and the space
advantage.} Be7 (15... g5 $5 {immediately is also interesting:} 16. fxg5 (16.
g3 {Ftacnik} gxf4 17. gxf4 Bh6 $5 18. Rf1 Nh4 19. Ne4 Bxf4 20. Nd6+ Kf8 21.
Nxf7 Rg8 $13) 16... Bg7 17. O-O Nxe5 18. Rad1 $14) 16. O-O-O $1 $14 (16. O-O g5
$5 (16... O-O 17. Rad1 Bd8 18. Bc5 $14) 17. fxg5 (17. g3 gxf4 18. gxf4 Bd8 {
is similar to the game continuation, but the white K is not so well placed.}
19. Bf2 Be7) 17... Bxg5 18. Ne4 $14) 16... g5 $5 (16... O-O $6 {allows the
penetration on the 7/th rank.} 17. Rd7 $16) (16... Bd8 17. Bf2 $14) 17. g3 gxf4
18. gxf4 Bd8 (18... Rg8 19. Rhg1 $14) 19. Bf2 {White has to avoid the exchange
of his bishops.} Bh4 (19... Rc8 20. Kb1 Rg8 21. Rhg1 Rxg1 22. Rxg1 Nce7 23. Bf3
$14) 20. Bg1 (20. Bxh4 Nxh4 21. Ne4 Ke7 22. Nd6 $14 {looks also tempting, but
White prefers the fight with the ^^.}) 20... Rg8 21. Bf3 Rc8 22. Kb1 Na5 {
'?' Ftacnik. Ftacnik: 'Black pieces would very much welcome some strongholds
or counterplay, but unfortunatelly this move is achieving neither of the goals.
'} (22... Be7 23. Ne4 $14 (23. Bb6 {Ftacnik} Nh4 (23... f6 {Ftacnik} 24. exf6
Bxf6 25. Rhe1 $16) 24. Be4 h6 $14)) 23. Ne4 Nc4 24. b3 $1 Na3+ $6 {Now the N
is in big trouble.} (24... Na5 25. Bc5 $14) 25. Kb2 Nb5 26. a4 Nc7 27. Rc1 $1 {
Ftacnik: 'Svidler's biggest problem was to chose the most efficient way to
increase his considerable advantage.'} Be7 (27... Ke7 $1 {is not an easy move
to find without much time.} 28. Bc5+ Kd7 29. Bd6 $16) 28. Nf6+ $1 $18 Bxf6 29.
exf6 {and the ^^ decides the battle.} (29. Bxb7 $18 {is even nicer!}) 29... Kd7
30. Bxb7 Rb8 31. Bc6+ Kd6 32. Ba7 Rbd8 33. Bb6 1-0

[Event "RUS-The World"]
[Site "Moscow"]
[Date "2002.09.10"]
[Round "7"]
[White "Morozevich, Alexander"]
[Black "Anand, Viswanathan"]
[Result "1/2-1/2"]
[WhiteElo "2716"]
[BlackElo "2755"]
[Annotator "Dautov,R"]
[PlyCount "37"]
[EventDate "2002.09.08"]
[EventType "schev (rapid)"]
[EventRounds "10"]
[EventCountry "RUS"]
[SourceTitle "CBM 091"]
[Source "ChessBase"]
[SourceDate "2002.11.12"]
[SourceVersion "1"]
[SourceVersionDate "2002.11.12"]
[SourceQuality "1"]
[WhiteTeam "Russia"]
[BlackTeam "The World"]
[WhiteTeamCountry "RUS"]

1. e4 c6 2. d4 d5 3. exd5 cxd5 4. c4 Nf6 5. Nc3 Nc6 6. Bg5 Be6 7. Be2 (7. a3) (
7. Bxf6) 7... Qa5 8. c5 {Eine seltener Zug, meistens wird hier 8.Nf3 gespielt.}
(8. Nf3 dxc4 9. O-O Rd8 10. Re1 (10. Qc1 h6 11. Bd2 Nxd4 12. Nxd4 Rxd4 13. b4
Qd8 14. Be3 Rd7 $13 {Rogers,I-Dreev,A/Biel (izt) 1993}) 10... b5 11. a3 a6 12.
Bf1 h6 13. Bxf6 gxf6 14. d5 Bg4 15. h3 Bxf3 16. Qxf3 Ne5 17. Qe3 Bg7 18. Qc5
$44 {Kalod,R-Zurek,M/CZE 2000}) 8... Ne4 9. Bd2 $146 (9. Nf3 Bg4 $1 (9... Nxc3
10. bxc3 Qxc3+ 11. Bd2 Qa3 12. Rb1 $16) 10. Bd2 Nxd2 11. Nxd2 Bxe2 12. Nxe2 g6
13. O-O Bg7 14. Nf3 O-O 15. a3 Qc7 16. Rc1 $10 {1/2-1/2 Fedorowicz,
J-Brenninkmeijer,J/Amsterdam 1990}) 9... Qc7 (9... Nxd2 10. Qxd2 g6 11. Bf3 (
11. Nf3 Bg7 12. h3 O-O 13. O-O b6 $11) (11. Bb5 $5) 11... Bg7 12. Nge2 O-O 13.
O-O b6 14. cxb6 axb6 15. a3 $14) 10. Bf3 (10. Nf3 g6 11. Ng5 $5 Nxg5 12. Bxg5
Bg7 13. Be3 b6 $132) 10... O-O-O $2 {Ein äußerst riskantes Unterfangen, da der
schwarze König auf dem Damenflügel alles andere als sicher ist.} ({Vorzuziehen
war} 10... Nxd4 $1 11. Qa4+ Nc6 12. Nxe4 (12. Bxe4 dxe4 13. Nb5 $13) 12... dxe4
13. Bxe4 Bd7 $13) 11. Nge2 g5 {/\Nxd2,g4} 12. Bxe4 dxe4 13. Qa4 Bg7 14. Nb5 $1
$16 (14. Bxg5 Nxd4 15. Nxd4 Bxd4 16. Qxa7 Bxc5 17. Qa8+ Qb8 18. Qxb8+ (18. Qa5
$5) 18... Kxb8 19. Nxe4 Bb4+ $132) 14... Qb8 15. Bxg5 a6 16. Nbc3 Nxd4 17. Bf4
$5 ({Nichts sprach gegen} 17. Bxe7 $5 $16 {, wonach sich der weiße Läufer auf
d6 einnisten könnte.}) 17... Bd7 18. Qa5 Nc6 $2 {Es fällt mir schwer zu
glauben, daß dieser Zug in der Partie wirklich vorkam, denn nach 19.Qxd8+
hätte Schwarz schlicht eine Qualität weniger. Ich nehme an, daß hier die
Zugübertragung versagt hat.} (18... e5 $2 19. Nxd4 exf4 20. Nd5 Qe5 21. c6 Bxc6
22. Nxc6 bxc6 23. Qxa6+ Kd7 24. Qb7+ $18) ({Zu einer unklaren Stellung führte
die beste Verteidigung} 18... Nc2+ 19. Kf1 e5 20. Rc1 exf4 21. Nxe4 $13) 19.
Qa4 (19. Qxd8+ Rxd8 20. Bxb8 Kxb8 21. Rd1 $18) 1/2-1/2

[Event "FIDE World Cup final"]
[Site "Hyderabad"]
[Date "2002.10.16"]
[Round "1.2"]
[White "Anand, Viswanathan"]
[Black "Malakhov, Vladimir"]
[Result "1-0"]
[WhiteElo "2755"]
[BlackElo "2670"]
[Annotator "Tsesarsky,I"]
[PlyCount "131"]
[EventDate "2002.10.15"]
[EventType "k.o."]
[EventRounds "3"]
[EventCountry "IND"]
[SourceTitle "CBM 092"]
[Source "ChessBase"]
[SourceDate "2003.02.06"]
[SourceVersion "1"]
[SourceVersionDate "2003.02.06"]
[SourceQuality "1"]

1. e4 c5 2. Nf3 Nc6 3. d4 cxd4 4. Nxd4 g6 5. Nc3 Bg7 6. Be3 Nf6 7. Bc4 O-O 8.
Bb3 a5 9. O-O d6 10. h3 ({Worth of attention} 10. Ndb5 $5 {and White leaves
with advantage in all variations:} Be6 (10... Ng4 11. Bg5 h6 12. Bd2 Kh7 13. h3
Nge5 14. a4 f5 15. exf5 Bxf5 16. Nd5 g5 17. Ndc7 Rb8 18. Ne6 Bxe6 19. Bxe6 $14
{1-0 Jaracz,P-Agdestein,S/Cappelle la Grande FRA 2001/The Week in Chess 330 
(57)}) (10... b6 11. Re1 Ba6 12. a4 Rc8 13. Nd5 Nd7 14. c3 Nc5 15. Bc2 Re8 16.
Rb1 $14 {1/2-1/2 Macieja,B-Malakhov,V/Hyderabad IND 2002/The Week in Chess 414
(42)}) ({After} 10... a4 $5 11. Nxa4 Nxe4 {can be created well known
theoretical position - usually with another moves order.}) 11. h3 Nd7 12. Re1
Bxb3 13. axb3 Nc5 14. Qd2 b6 15. Bh6 Bxh6 16. Qxh6 Nb4 17. Re2 $14 {1-0 Anand,
V-Tiviakov,S/Bastia FRA 2001/The Week in Chess (40)}) 10... Nxd4 ({Here
interesting - and strong- is} 10... a4 $1 {[%mdl 4]} 11. Nxa4 Nxe4 12. Nb5 {
If we'll compare this position with well-known theorerical position after 9...
a4 we can notice the difference: in theoretical one White plays last move 12.
Be3-b6 or 12.Rf1-e1 instead of 12.h2-h3. Aparently, 12.Nd4-b5, but h2-h3 was
played before. Any way, 12.h2-h3 is less dangerous than other moves.} Be6 13.
Bb6 Qd7 14. Re1 Bxb3 (14... Nf6 $2 15. Rxe6 $1 fxe6 16. Nc7 $16 {1-0
Jakubowski,K-Slaby,J/Trzebinia POL 2002/The Week in Chess 390 (19)}) 15. axb3
Nf6 $132) 11. Bxd4 Bd7 12. a4 (12. a3 $143 Bc6 13. f4 Nd7 14. Nd5 e6 15. Bxg7
Kxg7 16. Qd4+ Kg8 17. Nc3 Nc5 18. Ba2 Qb6 19. Rf2 {Worth of attention the P
sacrifice acception:} Qxb2 $1 (19... Qa7 $2 20. Re1 Na4 21. Qxa7 Rxa7 22. Nxa4
Bxa4 23. f5 $16 {1-0 Motylev,A-Guseinov,K/St Petersburg 2000/EXT 2001 (32)})
20. Rb1 Qxa3 21. Rf3 Bxe4 22. Nxe4 Qxa2 23. Nf6+ Kh8 24. Rb6 Qxc2 25. Ng4+ f6
26. Nxf6 Qa4 27. Qb2 Rf7 28. Ng4+ Rg7 29. Rxd6 Qb4 30. Qe5 $44) 12... Bc6 13.
f4 {Looks better} ({than} 13. Qd3 Nd7 $1 (13... Qc7 14. Rad1 Rfd8 15. Qe3 Nd7
16. Bxg7 Kxg7 17. Qd4+ f6 18. Nd5 Bxd5 19. exd5 $16 {1-0 Svidler,P-Malcsev,A/
St Petersburg 1999/CBM 73 ext (33)}) 14. Bxg7 Kxg7 15. Qd4+ Kg8 16. f4 (16. Nd5
e6 17. Ne3 ({Not} 17. Rad1 $6 Bxd5 18. exd5 e5 19. Qe3 $15 {[%csl Rb3]}) 17...
Nc5 18. f3 Qb6 19. Ng4 e5 20. Qf2 h5 21. Nh6+ Kg7 22. Nxf7 Rxf7 23. Bxf7 Kxf7
24. f4 Nxa4 $15 {0-1 Berg,E-Guseinov,K/Patras GRE 2001/The Week in Chess 351 
(55)}) 16... Qb6 17. Qxb6 Nxb6 18. Rad1 $11) 13... Nd7 ({Badly is} 13... e5 $2
{in view of} 14. fxe5 dxe5 15. Bc5 $1 (15. Bxe5 Nxe4 16. Bxg7 Kxg7 17. Nd5 f5
18. Qd4+ Nf6 $11) 15... Re8 16. Qxd8 Raxd8 17. Rf2 $18 {[%csl Rf6,Rf7][%cal
Ga1f1,Gf1f7,Gb3f7] 1-0 Guseinov,K-Ozolins,A/Dubai UAE 2002/The Week in Chess
390 (22)}) 14. Bxg7 Kxg7 15. Qd4+ {White won tempo comparing this position
with position from mentioned above game 1-0 Guseinov,K-Ozolins,A/Dubai UAE
2002/The Week in Chess 390 (22)} (15. Nd5 $5) 15... Kg8 16. Nd5 $6 $11 ({
More promises to White} 16. e5 dxe5 17. fxe5 Qb6 18. Qxb6 Nxb6 19. Rad1 $14)
16... Bxd5 ({On} 16... e6 {goes} 17. Nc3 $1 {[%csl Rd6]} (17. Rad1 $6 Bxd5 18.
exd5 e5 19. Qe3 exf4 20. Qxf4 Ne5 $15 {[%csl Rb3,Ge5]}) (17. Ne3 $6 Qb6 18.
Rad1 (18. Qxb6 Nxb6 19. e5 dxe5 20. fxe5 Rad8 21. Rf2 h5 $15) 18... Qxd4 19.
Rxd4 Nc5 20. e5 dxe5 21. fxe5 Rad8 $15 {[%csl Rb3,Re5][%cal Gc5b3]}) 17... Nc5
18. Rad1 {[%csl Rd6]} Qe7 19. Qxd6 (19. Rfe1 Nxb3 20. cxb3 Rfd8 $11) 19... Qxd6
20. Rxd6 Bxe4 21. Nxe4 Nxe4 22. Rb6 Nc5 23. Rb5 Rfc8 24. c3 Rc7 25. Rd1 $14)
17. Bxd5 Qc7 18. Kh1 Rab8 ({Interesting is} 18... Qxc2 19. Rac1 Qe2 20. Rf2 Qh5
{[%csl Rh5] Black Q is repeled to off side position.} 21. Rc7 Nc5 22. e5 $1 (
22. Rxe7 $2 Qh4 $17 {[%csl Re7]}) 22... Rae8 23. Qc4 {[%csl Rf7][%cal Ge5d6,
Gc4f7]} Qf5 24. g4 (24. Kh2 b6 25. g4 Qd3 $1 26. Rc2 (26. Rxc5 Qe3 $19 {
[%csl Rc5,Rf2]}) 26... Qxc4 27. Bxc4 dxe5 28. fxe5 e6 $15) 24... Qd3 25. Kg2 (
25. Rxc5 Qe3 $19) 25... Qxc4 26. Bxc4 b6 27. Bb5 $14 {[%csl Re7]}) 19. Bc4 Qb6
20. Rad1 Qxd4 21. Rxd4 Nc5 22. b3 Rbc8 23. Kg1 Kg7 24. e5 ({Or} 24. Bd5 e6 25.
Bc4 Nxe4 26. Rxe4 d5 $11) 24... dxe5 25. fxe5 Rc7 {Position is equal. But
White tries to complicate the game.} (25... e6 $11) 26. h4 Rd7 (26... e6 $11)
27. Rxd7 Nxd7 28. e6 (28. Re1 e6 $11) 28... fxe6 29. Re1 $6 $15 {White chooses
dubious continuation} ({instead of} 29. Bxe6 Rxf1+ 30. Kxf1 Nc5 31. Bc4 Kf6 $11
) 29... Nc5 30. Bxe6 (30. Re3 Rd8 $15) 30... Rf4 (30... Nxe6 $2 31. Rxe6 Kf7
32. Rb6 Rc8 33. c4 Rc7 34. Rb5 $16 {[%csl Ra5]}) 31. Bc4 Re4 $6 $11 ({Strong is
} 31... Kf6 32. g3 (32. Rf1 Ke5 33. Rd1 e6 34. g3 Rf3 35. Kg2 Rc3 $17) 32...
Rf3 33. Kg2 (33. Rf1 Rxf1+ 34. Kxf1 Ke5 35. Ke2 Ne4 36. g4 Kf4 37. Be6 b6 $17)
33... Rc3 34. Re2 e5 (34... Nxa4 35. Re6+ Kf5 36. Rxe7 Nc5 37. Rxh7 Rxc2+ 38.
Kh3 Rc3 (38... a4 39. Rc7 $16) 39. Rc7 b6 (39... Ne4 40. Rf7+ Ke5 41. Re7+ Kd4
42. Rd7+ Kc5 43. Rd5+ Kb6 44. Rb5+ $11)) 35. Bd5 $15 (35. g4 e4 36. g5+ Kf5 37.
Bg8 b6 38. Bxh7 Ne6 $17 {[%csl Rg2,Rg5,Rh4,Rh7][%cal Ge6f4]})) 32. Rf1 $2 $17 (
{Why not} 32. Rxe4 Nxe4 33. Bd5 Nc5 34. Kf2 e6 35. Bf3 Kf6 36. Ke3 $11) 32...
e6 33. Rd1 Rxh4 34. Rd8 Kf6 $6 $15 ({Better was} 34... Nxa4 35. Rd7+ (35. Bxe6
Nc3 $17) 35... Kf6 36. Rxb7 Nb2 37. Be2 h5 38. Ra7 Re4 39. Bf3 Re5 $17 {
with clear advantage in the endgame.}) 35. Rc8 Rh5 ({On} 35... b6 $5 {goes} 36.
Rc6 {[%csl Rb6]} (36. Rb8 Nxa4 37. Bxe6 Kxe6 38. bxa4 Rxa4 39. Rxb6+ Kd5 $19)
36... Re4 (36... Rxc4 37. bxc4 Nxa4 38. Kf2 Ke5 39. c5 Nxc5 40. Rxb6 a4 41. Ke3
Kd5 42. g4 Kc4 43. Rb8 $44) 37. Rxb6 Nxa4 38. Ra6 (38. Rxe6+ Rxe6 39. Bxe6 Kxe6
40. bxa4 Kd5 41. Kf2 Kc4 $19) 38... Nb2 39. Bb5 Re3 40. Rxa5 Rc3 41. Ra6 Rxc2
42. Bd7 Re2 $15) 36. Ra8 Ne4 37. Re8 Re5 38. Rf8+ Ke7 39. Rh8 Rh5 {[%csl Rb7,
Rh7] White has good counterplay attacking PP h7 and b7} 40. Be2 Rh4 41. Ra8 Nc3
(41... b6 42. Rb8 Nc3 43. Bf3 Rb4 44. Rb7+ Kd6 (44... Kf6 45. Rxh7 e5 46. Rc7
Nb1 47. Kf2 $11) 45. Rxh7 e5 46. Rh6 e4 47. Rxg6+ Ke5 48. Bh5 e3 $44) 42. Bf3 {
[%csl Ra5,Rb7]} b6 43. Rb8 e5 $6 $132 ({Why not} 43... Rb4 44. Rb7+ Kd6 45.
Rxh7 e5 46. Rh6 e4 47. Rxg6+ Ke5 48. Rc6 Kd4 $15) 44. Rxb6 e4 $4 $18 {[%csl
Rh4] Decisive mistake.The Rh4 will go to h6 by force.} (44... Rd4 $142 45. Rc6
Nd5 46. Rc5 Kd6 47. Rxa5 e4 $132) 45. g3 $1 Rh6 {[%csl Rh6]} (45... Rh3 46. Kg2
Rh6 47. Bg4 $18 {[%csl Rh6]}) 46. Bg4 Kf8 47. Ra6 Nd5 48. Rxa5 Ne3 49. Bc8 Nxc2
50. Re5 Nd4 {[%cal Gd4f3]} 51. Kg2 Nxb3 (51... Rh2+ 52. Kxh2 Nf3+ 53. Kg2 Nxe5
54. Bb7 e3 55. a5 $18) 52. a5 Nd4 (52... g5 53. a6 $18) (52... Nxa5 53. Rxa5
Rh5 54. Rxh5 gxh5 55. Bf5 h4 56. g4 Kg7) 53. a6 Nc6 54. Bb7 Na7 55. Bxe4 g5 56.
Bb7 g4 57. Rg5 Rb6 58. Rxg4 Rb3 59. Rh4 Kg7 60. Be4 h6 61. Rg4+ Kf6 62. Rg6+
Ke5 63. Bb7 Ra3 64. Rxh6 Kf5 65. Rh5+ Kg4 66. Bf3+ 1-0

[Event "FIDE World Cup final"]
[Site "Hyderabad"]
[Date "2002.10.18"]
[Round "2.3"]
[White "Dreev, Alexey"]
[Black "Anand, Viswanathan"]
[Result "1/2-1/2"]
[WhiteElo "2673"]
[BlackElo "2755"]
[PlyCount "137"]
[EventDate "2002.10.15"]
[EventType "k.o."]
[EventRounds "3"]
[EventCountry "IND"]
[SourceTitle "CBM 092"]
[Source "ChessBase"]
[SourceDate "2003.02.06"]
[SourceVersion "1"]
[SourceVersionDate "2003.02.06"]
[SourceQuality "1"]

1. d4 Nf6 2. c4 e6 3. Nf3 b6 4. a3 Bb7 5. Nc3 d5 6. cxd5 Nxd5 7. Bd2 Nf6 8. Qc2
c5 9. Bf4 cxd4 10. Rd1 a6 11. Nxd4 Nbd7 12. Nf3 Rc8 13. Qd2 b5 14. Bd6 Bxd6 15.
Qxd6 Qa5 16. Nd2 Rc6 17. Nb3 Qb6 18. Qb4 Rc4 19. Qa5 O-O 20. Qxb6 Nxb6 21. Na5
Rc7 22. Nxb7 Rxb7 23. e3 Nc4 24. Bxc4 bxc4 25. Na4 c3 26. bxc3 Rb3 27. O-O Rxa3
28. Ra1 Rxa1 29. Rxa1 Rc8 30. f3 g5 31. Ra3 Nd5 32. Kf2 Kg7 33. Ke2 Rc6 34. Kd2
h5 35. Nb2 Nb6 36. e4 g4 37. Kc2 Nd7 38. Nd3 h4 39. fxg4 Nf6 40. Nf2 Kg6 41.
Ra5 Kg7 42. h3 Rb6 43. g5 Nh5 44. Nd3 Ng3 45. Nc5 Kg6 46. c4 Rb4 47. Kc3 Rb1
48. Nxa6 Nxe4+ 49. Kd4 Nxg5 50. Ra2 Rd1+ 51. Ke3 Re1+ 52. Kd2 Rg1 53. Ke3 f5
54. Rc2 Ra1 55. Nb4 Ra3+ 56. Nd3 e5 57. Ke2 Kf6 58. c5 Ne6 59. Kd2 e4 60. Nb4
e3+ 61. Ke1 Ra1+ 62. Ke2 Nd4+ 63. Kxe3 Nxc2+ 64. Nxc2 Ra2 65. Kd3 Ke5 66. c6
Kd6 67. Nd4 f4 68. Nf3 Rxg2 69. Ke4 1/2-1/2

[Event "FIDE World Cup final"]
[Site "Hyderabad"]
[Date "2002.10.18"]
[Round "2.4"]
[White "Anand, Viswanathan"]
[Black "Dreev, Alexey"]
[Result "1/2-1/2"]
[WhiteElo "2755"]
[BlackElo "2673"]
[Annotator "Huzman,A"]
[PlyCount "50"]
[EventDate "2002.10.15"]
[EventType "k.o."]
[EventRounds "3"]
[EventCountry "IND"]
[SourceTitle "CBM 092"]
[Source "ChessBase"]
[SourceDate "2003.02.06"]
[SourceVersion "1"]
[SourceVersionDate "2003.02.06"]
[SourceQuality "1"]

1. e4 c6 2. d4 d5 3. exd5 cxd5 4. c4 Nf6 5. Nc3 Nc6 6. Bg5 dxc4 7. Bxc4 e6 8.
Nf3 Be7 9. O-O O-O 10. Re1 a6 11. a4 Bd7 12. Qd2 Rc8 13. Rad1 (13. d5 $5 Nxd5
14. Nxd5 exd5 15. Bxd5 Bxg5 16. Nxg5 Bf5 17. Rad1 Qf6 18. Ne4 Bxe4 19. Rxe4 $14
{1-0 Granda Zuniga,J-Votruba,P/Forli 1988/TD (37)}) 13... Nb4 14. d5 exd5 $1 (
14... Rxc4 15. d6 Bc6 16. Ne5 Rc5 17. dxe7 Qxe7 18. Qf4 $5 (18. Ng4 $36) 18...
Nbd5 19. Nxd5 Rxd5 20. Ng4 $16) 15. Bxd5 Bc6 $1 16. Bb3 (16. Bxc6 Qxd2 (16...
Nxc6 17. Qe2 Qa5 18. Bxf6 Bxf6 19. Nd5 Bd8 20. Qe4 $36) 17. Rxd2 Nxc6 18. Bxf6
Bxf6 19. Nd5 Bd8 (19... Rfd8 20. Nxf6+ gxf6 21. Rxd8+ Rxd8 22. Kf1 Rd3 23. Re3
$14) 20. b4 a5 21. b5 Nb4 22. Kf1 (22. Nxb4 axb4 23. Rd7 b3 $1 $132) 22... Nxd5
23. Rxd5 Bf6 24. Rd7 b6 25. Rd6 Rc4 $11) 16... Bxf3 17. gxf3 Qxd2 18. Rxd2 Nc6
$11 19. Kg2 Rfd8 20. Rxd8+ Rxd8 21. Rd1 Rxd1 22. Bxd1 Nd5 23. Nxd5 Bxg5 24. f4
Bd8 25. Bg4 Ne7 1/2-1/2